000 00572nam a22001817a 4500
005 20251108164321.0
008 250721s2012 xx 000 0 ara d
082 1 4 _a956.3/خفا
100 1 _aالخفاجي، سامي
245 1 0 _aالاحتلال الأمريكي و مستقبل العراق /
264 1 _aعمن :
_bدار آمنة للنشر والتوزيع،
_c2012.
300 _a315ص.
650 1 7 _aتاريخ العراق
650 1 7 _aالولايات المتحدة
650 1 7 _aالاحتلال العسكري
942 _2ddc
_cBK
999 _c9146
_d9146